| 000 | 00561nam a2200181Ia 4500 | ||
|---|---|---|---|
| 008 | 210719s2010 xx 000 0 und d | ||
| 041 | _aeng | ||
| 082 | _a915.487 KARH | ||
| 100 | _aKARNATAKA (Government of) Department of Archaelogy, Museums and Heritage | ||
| 245 | _aHeritage series: Bijapur | ||
| 260 |
_aBangalore _bGovernment of Karnataka _c2010 |
||
| 300 |
_a84 _bPB |
||
| 440 | _aHeritage series | ||
| 650 | _aGeography | ||
| 650 | _aGeography of India | ||
| 700 | _aDADDI (H G);MACHAKANUR (Venkatesh A) | ||
| 906 | _aBijapur ; Heritage ; series: | ||
| 999 |
_c215243 _d215243 |
||